000 00990cam a2200265 i 4500
001 bg
003 KOSZ 005
005 20200424135038.0
008 061215s1972 pl a f f |000 0 pol
015 _aPB 1973/468
040 _aWA N
_cKOSZ 005/HR
_dKOSZ 005/HR
080 _a624.012.4
080 _a(075.8+076)
245 0 0 _aKonstrukcje betonowe :
_bćwiczenia.
_nCz. 4,
_pLaboratorium /
_cMarian Abramowicz, Jerzy L. Zieliński.
250 _aWyd. 2.
260 _aWarszawa :
_bWydawnictwa Politechniki Warszawskiej,
_c1972.
300 _a124 s. :
_bil. ;
_c cm.
655 4 _aĆwiczenia i zadania dla szkół wyższych
650 4 _aKonstrukcje betonowe
700 1 _aAbramowicz, Marian
_d(1932- )
_eAutor
700 1 _aZieliński, Jerzy Ludwik
_d(1921-1991)
_eAutor
710 2 _aWydawnictwa Politechniki Warszawskiej
_4pbl.
856 _uhttp://koha.tu.koszalin.pl/cgi-bin/koha/opac-detail.pl?biblionumber=237
_yKatalog online BPK
942 _2UKD
_cKS
999 _c237
_d237